LEADER 01338nam a2200289 a 4500 001 000000139122 003 CaOOAMICUS 005 20140708122301.0 008 140708s2012 it u000 u ita r 020 $a978-88-348-3667-5 040 $aPUL$bita 082 04$a340.01 100 1 $aBiondo, Francesco.$0(OLS)http://pul/name/89725 245 10$aDisobbedienza civile e teoria del diritto :$bi conflitti presi sul serio /$cFrancesco Biondo. 260 $aTorino :$bGiappichelli,$cİ2012. 300 $aXXII, 244 p. ;$c23 cm 490 1 $aRecta Ratio : testi e studi di filosofia del diritto. Sesta serie ;$v113 650 4$aDisobbedienza civile.$0(OLS)http://pul/subject/27429 830 0$aRecta Ratio : testi e studi di filosofia del diritto.$nSesta serie ;$v113.$0(OLS)http://pul/title/151015 850 $aPUL 852 $aPUL$W1$xSL Diritto e Scienze Sociali 3$y79$m340. 01 COLL 1.113$j160703$qDDC 21$B160111$CPULBib$Z2$F160111 $H124361 $82 941 1 $a9 996 $6020$a978-88-348-3667-5 $9(OLS)http://pul/number/155702 996 $6082$a340.01$9(OLS)http://pul/classification/2214 996 $6245$aDisobbedienza civile e teoria del diritto :$bi conflitti presi sul serio$9(OLS)http://pul/title/176149 996 $6260$aTorino :$bGiappichelli$9(OLS)http://pul/publisher/48244 LEADER 02219nam a2200361 a 4500 001 000000145732 003 CaOOAMICUS 005 20150915095704.0 008 150915s2005 it af u000 u ita r 040 $aPUL$bita 041 1 $aita$hgrc 100 0 $aIohannes Chrysostomus,$cs., patriarca di Costantinopoli,$d347-407.$0(OLS)http://pul/name/2351 245 13$aLe catechesi battesimali /$cGiovanni Crisostomo ; traduzione e note di Aldo Ceresa-Gastaldo ; Le catechesi ai misteri / Cirillo e Giovanni di Gerusalemme ; traduzione e note di Antonio Quacquarelli. 260 $a[S.l.] :$bFamiglia Cristiana ;$aCinisello Balsamo :$bSan Paolo ;$aMilano :$bPeriodici San Paolo,$cİ2005. 300 $a283 p., [8] c. di tav. :$bill. ;$c21 cm 490 1 $aGrande biblioteca cristiana. I classici della tradizione cristiana ;$v11 500 $aSuppl. al n. di Famiglia Cristiana. 700 1 $aCeresa-Gastaldo, Aldo,$d1928-$0(OLS)http://pul/name/1170 700 1 $aQuacquarelli, Antonio,$d1918-2001.$0(OLS)http://pul/name/2262 700 0 $aCyrillus Hierosolymitanus,$cs., arciv.,$d315-387.$tCatecheses.$0(OLS)http://pul/nameTitle/387$0(OLS)http://pul/name/13193$0(OLS)http://pul/title/132471 700 0 $aIohannes Hierosolymitanus,$d387-417.$tCatecheses.$0(OLS)http://pul/nameTitle/1861$0(OLS)http://pul/name/26351$0(OLS)http://pul/title/132471 830 0$aGrande biblioteca cristiana.$pI classici della tradizione cristiana ;$v11.$0(OLS)http://pul/title/184266 850 $aPUL 852 $aPUL$W1$xDP1 Fondo S. Lanza$y121$m3 P 99.11$j168718$qFondi$B169196$CPULBib$Z2$F169196 $HLan571 $82 900 $aCirillo di Gerusalemme,$cs., arciv.,$d315-387$913193 900 $aGiovanni Crisostomo,$cs., patriarca di Costantinopoli,$d347-407$92351 900 $aCrisostomo, Giovanni,$cs., patriarca di Costantinopoli,$d347-407$92351 941 1 $a1 996 $6245$aLe catechesi battesimali$9(OLS)http://pul/title/53225 996 $6260$a[S.l.] :$bFamiglia Cristiana$9(OLS)http://pul/publisher/82640 996 $6260$aCinisello Balsamo :$bSan Paolo$9(OLS)http://pul/publisher/54577 996 $6260$aMilano :$bPeriodici San Paolo$9(OLS)http://pul/publisher/81263